| 000 | 00538nam a22001937a 4500 | ||
|---|---|---|---|
| 003 | CEME | ||
| 005 | 20210628203342.0 | ||
| 008 | 210126b xxu||||| |||| 00| 0 eng d | ||
| 020 | _a978818489-1379 | ||
| 040 | _c. | ||
| 082 | _a005.7565 DEF | ||
| 100 |
_aDavies, Jeff, Schorow, David, Ray, Samrat _964908 |
||
| 245 | _aThe definitive guide to soa, oracle service bus | ||
| 250 | _a2ND | ||
| 260 |
_aINDIA _bAPRESS _c2009 |
||
| 300 | _aXXV,507P | ||
| 650 |
_aORACLE SERVICE BUS.THE DEFINITIVE GUIDE TO SOA _964909 |
||
| 942 |
_cBK _2ddc |
||
| 999 |
_c573267 _d573267 |
||